Statistiche per Riconosci la Squadra di calcio - Quiz n°289

Clicka qui per fare il quiz!

Statistiche generali

  • Questo quiz è stato fatto 3 volte
  • Il punteggio medio è 6 su 9

Statistiche sulle risposte

IndizioRisposta% Corretto
Titoli nazionali4 Segunda Division
4 Segunda Division B
100%
Colori socialiBianco, blu
100%
Divisione nazionale 2023-2024Prima
100%
ConfederazioneUEFA
100%
Trofei nazionali0
50%
Trofei internazionali0
50%
Fondazione1921
50%
Capienza Stadio19 840 posti
50%
SquadraAlavés
0%

Distribuzione punteggi

Percentile per numero di risposta

Percentuale di utenti per punteggio

I tuoi punteggi nel tempo

Non hai fatto questo quiz